000 00446nam a22001697a 4500
005 20251108170659.0
008 250721s1998 xx 000 0 eng d
082 1 4 _a425/MOH
100 1 _afarghal, mohammad
245 1 0 _avocabulary development & lexical relations :
_bacourse book /
264 1 _airbid :
_bdar al - hilal,
_c1998.
300 _a204p
650 1 7 _aenglish language
650 1 7 _agrammar
942 _2ddc
_cBK
999 _c46441
_d46441